[Event "DVM U12 2011"]
[Site "Arendsee (Altmark) GER"]
[Date "2011.12.29"]
[Round "6"]
[White "Laubrock, Paul"]
[Black "Schmidek, Emil"]
[Result "0-1"]
[Termination "normal"]
[Board "1.3"]
[WhiteElo "1676"]
[BlackElo "1792"]
[WhiteTeam "Hagener SV"]
[BlackTeam "TuS Makkabi Berlin"]
[WhiteFideId "1270509"]
[BlackFideId "12908150"]
[EventCountry "GER"]
[EventRounds "7"]
[EventType "team-swiss"]
[EventDate "2011.12.26"]

1. e4 e5 2. Bc4 Nf6 3. d3 Be7 4. Nc3 Nc6 5. f4 d6 6. Nf3 exf4 7. Bxf4 O-O 8.
O-O Na5 9. Bb3 Nxb3 10. axb3 c6 11. Re1 Re8 12. e5 dxe5 13. Bxe5 Ng4 14. Bd4 c5
15. Be3 Nxe3 16. Rxe3 c4 17. Kh1 cxb3 18. cxb3 Be6 19. Qd2 Qb6 20. Rae1 Rad8
21. d4 Bf6 22. d5 Rf8 23. Ne4 Bxd5 24. Nxf6+ Qxf6 25. Qe2 Qb6 26. Re8 Rdxe8 27.
Qxe8 Qxb3 28. Qe2 h6 29. Nd4 Qh3 30. Kg1 Qd7 31. Rd1 Re8 32. Qh5 g6 33. Qh4 Re4
34. Qf2 Qg4 35. Nf3 Bc6 36. Rf1 Rf4 37. Kh1 Qf5 38. Qe3 g5 39. Kg1 Bxf3 40.
gxf3 g4 41. Kg2 gxf3+ 42. Rxf3 Rxf3 43. Qxf3 Qxf3+ 44. Kxf3 Kg7 45. b4 Kf6 46.
Kf4 a6 47. h4 b6 48. Ke4 Ke6 49. Kd4 f5 0-1

[Event "DVM U12 2011"]
[Site "Arendsee (Altmark) GER"]
[Date "2011.12.29"]
[Round "6"]
[White "Hübner, Alan-Ari"]
[Black "Hoppe, Andreas"]
[Result "0-1"]
[Termination "normal"]
[Board "1.4"]
[WhiteElo "1677"]
[BlackElo "1411"]
[WhiteTeam "TuS Makkabi Berlin"]
[BlackTeam "Hagener SV"]
[WhiteFideId "12903965"]
[BlackFideId "12922811"]
[EventCountry "GER"]
[EventRounds "7"]
[EventType "team-swiss"]
[EventDate "2011.12.26"]

1. d4 e6 2. c4 d5 3. Nc3 Nf6 4. cxd5 exd5 5. Bg5 Be7 6. e3 Bf5 7. Qb3 Nbd7 8.
Nxd5 Nxd5 9. Qxd5 Bb4+ 10. Kd1 Qxg5 11. Qxb7 Nb6 12. Nf3 Qe7 13. Bb5+ Bd7 14.
Bxd7+ Qxd7 15. Rc1 Bd6 16. Kd2 O-O 17. Rc2 Qb5 18. Qc6 Qa5+ 19. Ke2 Qxa2 20. g4
Qa6+ 21. Kd1 Qd3+ 22. Kc1 Qa6 23. Nh4 Qa4 24. Qxa4 Nxa4 25. Nf5 Rfc8 26. h4 g6
27. Nh6+ Kf8 28. g5 c5 29. d5 Be5 30. f4 Bg7 31. Ng4 Rab8 32. Ne5 Bxe5 33. fxe5
Re8 34. e4 Rxe5 35. Re1 Rbe8 36. Rce2 Nb6 37. d6 Rd8 38. Rd1 Nc4 39. Kc2 Rxd6
40. Ra1 Rd4 41. Rxa7 Rdxe4 42. Ra8+ Kg7 43. Rxe4 Rxe4 44. Kc3 Ne5 45. Re8 Rc4+
46. Kb3 Rb4+ 47. Kc3 Nf3 48. Rc8 Rxh4 49. Rxc5 Rg4 50. b4 Nxg5 51. b5 Ne4+ 52.
Kd4 Nxc5+ 53. Kxc5 Rg5+ 54. Kc4 Rxb5 55. Kxb5 h5 56. Kc4 h4 57. Kd4 h3 0-1

[Event "DVM U12 2011"]
[Site "Arendsee (Altmark) GER"]
[Date "2011.12.29"]
[Round "6"]
[White "Gungl, Theo"]
[Black "Poghosyan, Tigran"]
[Result "0-1"]
[Termination "normal"]
[Board "2.1"]
[WhiteElo "1781"]
[BlackElo "1770"]
[WhiteTeam "USV TU Dresden"]
[BlackTeam "Lübecker SV"]
[WhiteFideId "24695653"]
[BlackFideId "12909319"]
[EventCountry "GER"]
[EventRounds "7"]
[EventType "team-swiss"]
[EventDate "2011.12.26"]

1. e4 c5 2. Nf3 d6 3. d4 cxd4 4. Nxd4 Nf6 5. Nc3 a6 6. Bg5 Nc6 7. Bc4 e6 8. Qd2
Be7 9. O-O-O Qc7 10. Bb3 Bd7 11. Kb1 O-O-O 12. Rhe1 h6 13. Bf4 Nxd4 14. e5 Nxb3
15. cxb3 dxe5 16. Bxe5 Qb6 17. Qc2 Bc6 18. Na4 Qa5 19. Rc1 Bd6 20. Bc3 Qf5 21.
Qxf5 exf5 22. Bd4 Kb8 23. Nb6 Bf4 24. Rcd1 Bxg2 25. Ka1 Bf3 26. Rd3 Be4 27.
Rdd1 Bc2 0-1

[Event "DVM U12 2011"]
[Site "Arendsee (Altmark) GER"]
[Date "2011.12.29"]
[Round "6"]
[White "Kololli, Kevin"]
[Black "Scholz, Robert"]
[Result "1-0"]
[Termination "normal"]
[Board "2.2"]
[WhiteElo "1762"]
[BlackElo "1776"]
[WhiteTeam "Lübecker SV"]
[BlackTeam "USV TU Dresden"]
[WhiteFideId "12936863"]
[BlackFideId "1270301"]
[EventCountry "GER"]
[EventRounds "7"]
[EventType "team-swiss"]
[EventDate "2011.12.26"]

1. e4 c5 2. Nf3 Nc6 3. d4 cxd4 4. Nxd4 e5 5. Nb5 d6 6. N1c3 a6 7. Na3 Be7 8.
Be2 Nf6 9. Bg5 O-O 10. Bxf6 Bxf6 11. Nd5 Be6 12. Nc4 Nd4 13. Ncb6 Bxd5 14. Nxd5
Be7 15. O-O Kh8 16. c3 Ne6 17. Qb3 Nc5 18. Qc2 Rb8 19. a4 Qd7 20. a5 g6 21. b4
Ne6 22. c4 Nd4 23. Qd3 f5 24. f3 f4 25. b5 g5 26. Rfb1 h5 27. bxa6 bxa6 28. Rb6
Rxb6 29. axb6 Qb7 30. c5 dxc5 31. Rxa6 c4 32. Qxc4 Rc8 33. Ra7 Nxe2+ 34. Kf1
Rxc4 35. Rxb7 Nc3 36. Rxe7 Nxd5 37. exd5 Rb4 38. b7 Kg8 39. Re8+ 1-0

[Event "DVM U12 2011"]
[Site "Arendsee (Altmark) GER"]
[Date "2011.12.29"]
[Round "6"]
[White "Schamschurko, André"]
[Black "Kololli, Martin"]
[Result "1/2-1/2"]
[Termination "normal"]
[Board "2.3"]
[WhiteElo "1738"]
[BlackElo "1690"]
[WhiteTeam "USV TU Dresden"]
[BlackTeam "Lübecker SV"]
[WhiteFideId "24695670"]
[BlackFideId "12936910"]
[EventCountry "GER"]
[EventRounds "7"]
[EventType "team-swiss"]
[EventDate "2011.12.26"]

1. e4 e5 2. Nf3 Nc6 3. Bb5 Nf6 4. d3 Bc5 5. c3 d6 6. h3 Bd7 7. Ba4 Bb6 8. O-O
O-O 9. Re1 Ne7 10. Bc2 Ng6 11. d4 Re8 12. Nbd2 Bc6 13. a4 a6 14. Bd3 Nf4 15.
Bc2 N6h5 16. Nc4 Qf6 17. Ne3 Rad8 1/2-1/2

[Event "DVM U12 2011"]
[Site "Arendsee (Altmark) GER"]
[Date "2011.12.29"]
[Round "6"]
[White "Tiedemann, Fin Niklas"]
[Black "Abdurakhimov, Peter"]
[Result "1-0"]
[Termination "normal"]
[Board "2.4"]
[WhiteElo "1429"]
[BlackElo "1394"]
[WhiteTeam "Lübecker SV"]
[BlackTeam "USV TU Dresden"]
[WhiteFideId "12936936"]
[BlackFideId "12979694"]
[EventCountry "GER"]
[EventRounds "7"]
[EventType "team-swiss"]
[EventDate "2011.12.26"]

1. e4 e5 2. Nc3 Nc6 3. Bc4 Nf6 4. d3 Be7 5. f4 d6 6. Nf3 O-O 7. f5 Na5 8. Bb3
Nxb3 9. axb3 Ne8 10. O-O f6 11. Nh4 c6 12. Qf3 Nc7 13. Qg3 Qe8 14. Bh6 Qf7 15.
Bd2 d5 16. Nd1 Bc5+ 17. Be3 Bxe3+ 18. Nxe3 Rd8 19. Ng4 Qd7 20. Nxf6+ Kf7 21.
Nxd7 Bxd7 22. Qxe5 Ne8 23. exd5 1-0

[Event "DVM U12 2011"]
[Site "Arendsee (Altmark) GER"]
[Date "2011.12.29"]
[Round "6"]
[White "Renger, Niklas"]
[Black "Riehle, Marco"]
[Result "1/2-1/2"]
[Termination "normal"]
[Board "3.1"]
[WhiteElo "1499"]
[BlackElo "1759"]
[WhiteTeam "SG GW Dresden"]
[BlackTeam "SF Sasbach"]
[WhiteFideId "12908096"]
[BlackFideId "12904392"]
[EventCountry "GER"]
[EventRounds "7"]
[EventType "team-swiss"]
[EventDate "2011.12.26"]

1. e4 e5 2. Nf3 Nc6 3. d4 exd4 4. Bc4 Bc5 5. O-O d6 6. c3 Bg4 7. h3 Bh5 8. Be2
Nf6 9. Nxd4 Bxe2 10. Qxe2 Nxd4 11. cxd4 Bxd4 12. Rd1 c5 13. Nd2 Qe7 14. Nb3 O-O
15. Nxd4 cxd4 16. Rxd4 Rfe8 17. Bg5 Qe5 18. Bxf6 Qxf6 19. Rad1 Re6 20. Qd3 Rd8
21. b3 h6 22. Qd2 Qe5 23. Qb4 b6 24. Qa4 a5 25. Qc6 Qc5 26. Qxc5 bxc5 27. Rd5
a4 28. Rxc5 axb3 29. axb3 Rxe4 30. Rcd5 Rb8 31. Rxd6 Rxb3 32. Rc1 Rb2 33. Rc8+
Kh7 34. Rd7 Kg6 35. Rc6+ Re6 36. Rxe6+ fxe6 37. Rd1 Kf5 38. Re1 e5 39. f3 g5
40. Kf1 h5 41. Re2 Rb5 42. g4+ hxg4 43. hxg4+ Kf4 44. Kg2 Rb4 45. Kf2 e4 46.
Rxe4+ Rxe4 47. fxe4 Kxe4 48. Kg3 Ke3 49. Kh3 Kf4 50. Kh2 Kf3 51. Kh3 Kf4 52.
Kh2 Kxg4 53. Kg2 Kf4 54. Kf2 g4 55. Kg2 g3 56. Kg1 Kg4 57. Kg2 Kh4 58. Kg1
1/2-1/2

[Event "DVM U12 2011"]
[Site "Arendsee (Altmark) GER"]
[Date "2011.12.29"]
[Round "6"]
[White "Ehmann, Thilo"]
[Black "Sack, Carl-Anton"]
[Result "1/2-1/2"]
[Termination "normal"]
[Board "3.2"]
[WhiteElo "1860"]
[BlackElo "1487"]
[WhiteTeam "SF Sasbach"]
[BlackTeam "SG GW Dresden"]
[WhiteFideId "12940968"]
[BlackFideId "1270309"]
[EventCountry "GER"]
[EventRounds "7"]
[EventType "team-swiss"]
[EventDate "2011.12.26"]

1. e4 c5 2. Nf3 d6 3. d4 cxd4 4. Nxd4 Nf6 5. Nc3 a6 6. f3 e6 7. Be3 Nc6 8. Qd2
Be7 9. O-O-O Qc7 10. g4 Nd7 11. h4 b5 12. Bg2 Nb6 13. Bf1 Bd7 14. Qf2 Rb8 15.
Kb1 Na5 16. g5 Nac4 17. Bxc4 Nxc4 18. Bc1 b4 19. Nce2 a5 20. h5 a4 21. g6 fxg6
22. hxg6 h6 23. b3 axb3 24. axb3 Na3+ 25. Bxa3 bxa3 26. Rc1 Bf6 27. c4 O-O 28.
Ka2 Qa5 29. Qe1 Qa7 30. Qd1 Rfc8 31. Nb5 Bxb5 32. cxb5 Rxc1 33. Qxc1 Qb7 34.
Qc6 Qxb5 35. Qxb5 Rxb5 36. Rc1 Kf8 37. Kxa3 d5 38. Ka4 Rb7 39. exd5 exd5 40.
Rd1 Rd7 41. Nf4 d4 42. b4 Ke7 43. Rd3 Be5 44. Ne2 Kd6 45. b5 h5 46. b6 h4 47.
Ng1 Kd5 48. Kb5 Rd6 49. Nh3 Rxg6 50. f4 Bb8 51. Ra3 Rg3 52. Ra8 Bd6 53. Ng5 h3
54. Rh8 Bxf4 55. Nxh3 Be5 56. Rd8+ Ke4 57. Nf2+ Ke3 58. Re8 Kxf2 59. Rxe5 Rb3+
60. Kc4 Rxb6 61. Kxd4 Rb4+ 62. Kd3 Rb3+ 63. Ke4 Rg3 64. Kf4 Rf3+ 65. Kg4 Rg3+
66. Kf4 g6 67. Re2+ Kxe2 1/2-1/2

[Event "DVM U12 2011"]
[Site "Arendsee (Altmark) GER"]
[Date "2011.12.29"]
[Round "6"]
[White "Michel, Richard"]
[Black "Martin, Julian"]
[Result "0-1"]
[Termination "normal"]
[Board "3.3"]
[WhiteElo "1596"]
[BlackElo "1576"]
[WhiteTeam "SG GW Dresden"]
[BlackTeam "SF Sasbach"]
[WhiteFideId "1270310"]
[BlackFideId "12941000"]
[EventCountry "GER"]
[EventRounds "7"]
[EventType "team-swiss"]
[EventDate "2011.12.26"]

1. e4 e5 2. Nf3 Nc6 3. d4 exd4 4. Nxd4 Bc5 5. Nxc6 Qf6 6. Qe2 dxc6 7. Nc3 Bd4
8. Na4 b5 9. c3 Bxf2+ 10. Qxf2 bxa4 11. Qd4 Bd7 12. Qxa4 Qg6 13. Bf4 Nf6 14.
O-O-O O-O 15. Bxc7 Be6 16. Bg3 Nxe4 17. Bd3 Qg5+ 18. Kb1 Nc5 19. Bxh7+ Kxh7 20.
Qxc6 Rfc8 21. Qf3 Bg4 22. Qd5 Qg6+ 0-1

[Event "DVM U12 2011"]
[Site "Arendsee (Altmark) GER"]
[Date "2011.12.29"]
[Round "6"]
[White "Toptschiev, David"]
[Black "Schuler, Max"]
[Result "1/2-1/2"]
[Termination "normal"]
[Board "3.4"]
[WhiteElo "1215"]
[BlackElo "1212"]
[WhiteTeam "SF Sasbach"]
[BlackTeam "SG GW Dresden"]
[WhiteFideId "12968005"]
[BlackFideId "12964913"]
[EventCountry "GER"]
[EventRounds "7"]
[EventType "team-swiss"]
[EventDate "2011.12.26"]

1. e4 c5 2. Nf3 e6 3. d4 cxd4 4. Nxd4 a6 5. c4 Qc7 6. Nc3 Nf6 7. Qc2 Be7 8. Be3
O-O 9. Be2 b6 10. O-O Bb7 11. a3 Nc6 12. f3 Rfd8 13. Rfd1 d6 14. Rd2 Rac8 15.
Nxc6 Bxc6 16. Qb3 Rb8 17. Na4 b5 18. cxb5 Bxb5 19. Bxb5 Rxb5 20. Qc2 Rc8 21.
Rc1 Qxc2 22. Rdxc2 Rxc2 23. Rxc2 Rb8 24. Rc7 Kf8 25. Ra7 Ke8 26. Rxa6 d5 27.
Ba7 Rd8 28. Bd4 dxe4 29. Bxf6 Bxf6 30. fxe4 Rd1+ 31. Kf2 Rd2+ 32. Kf3 Bxb2 33.
Nxb2 Rxb2 34. Ra8+ Ke7 35. Ra7+ Kf6 36. h4 h5 37. Ra5 g6 38. a4 Rb7 39. Rb5 Ra7
40. a5 Ke7 41. Ke3 1/2-1/2

[Event "DVM U12 2011"]
[Site "Arendsee (Altmark) GER"]
[Date "2011.12.29"]
[Round "6"]
[White "Rieper, Julian"]
[Black "Dürr, Florian"]
[Result "1-0"]
[Termination "normal"]
[Board "4.1"]
[WhiteElo "1477"]
[BlackElo "1853"]
[WhiteTeam "SK Doppelbauer Kiel"]
[BlackTeam "SC Erlangen"]
[WhiteFideId "12936960"]
[BlackFideId "24659134"]
[EventCountry "GER"]
[EventRounds "7"]
[EventType "team-swiss"]
[EventDate "2011.12.26"]

1. e4 e6 2. d4 d5 3. Nd2 Nf6 4. e5 Nfd7 5. f4 c5 6. c3 Nc6 7. Ne2 cxd4 8. cxd4
f6 9. Nf3 fxe5 10. fxe5 Be7 11. g3 Nb6 12. Bg2 O-O 13. O-O Bd7 14. Nf4 g5 15.
Ne2 Kh8 16. b3 Rf7 17. Be3 Qg8 18. Qd2 h6 19. h4 Rg7 20. Rf2 Rf8 21. Raf1 Be8
22. hxg5 hxg5 23. g4 Nd7 24. Bh1 Rff7 25. Rh2+ Rh7 26. Rff2 Nf8 27. Nxg5 Rxf2
28. Rxf2 Rg7 29. Rh2+ Nh7 30. Nxh7 Rxh7 31. Rxh7+ Kxh7 32. g5 Qg7 33. Ng3 Kg8
34. Bf3 Bg6 35. Nh5 Bxh5 36. Bxh5 Bd8 37. g6 Ne7 38. Bh6 Qh8 39. Qg5 a6 40. Bg4
Qxh6 41. Qxh6 1-0

[Event "DVM U12 2011"]
[Site "Arendsee (Altmark) GER"]
[Date "2011.12.29"]
[Round "6"]
[White "Karlisch, Moritz"]
[Black "Wegmann, Simon"]
[Result "0-1"]
[Termination "normal"]
[Board "4.3"]
[WhiteElo "1260"]
[BlackElo "1408"]
[WhiteTeam "SK Doppelbauer Kiel"]
[BlackTeam "SC Erlangen"]
[WhiteFideId "12964859"]
[BlackFideId "1270758"]
[EventCountry "GER"]
[EventRounds "7"]
[EventType "team-swiss"]
[EventDate "2011.12.26"]

1. e4 e5 2. Nf3 Nc6 3. d4 exd4 4. Nxd4 Qh4 5. Nb5 Qxe4+ 6. Be3 Kd8 7. N1c3 Bb4
8. a3 Bxc3+ 9. Nxc3 Qe6 10. Bb5 Nf6 11. O-O Re8 12. Qd2 Re7 13. Rfe1 Qf5 14.
Bd3 Qh5 15. Be2 Qf5 16. Bd3 Qh5 17. b4 d6 18. Rad1 Be6 19. Be2 Qg6 20. Bf4 a6
21. Bf3 Bd7 22. Rxe7 Kxe7 23. Re1+ Kf8 24. Nd5 Nxd5 25. Bxd5 Re8 26. Rxe8+ Kxe8
27. Qe2+ Kf8 28. Be3 b5 29. g3 Qf5 30. Bg2 h6 31. f3 Kg8 32. Kf2 Ne5 33. f4
Ng4+ 34. Kf3 Bc6# 0-1

[Event "DVM U12 2011"]
[Site "Arendsee (Altmark) GER"]
[Date "2011.12.29"]
[Round "6"]
[White "Tschammer, Kai"]
[Black "Fronius, Thies"]
[Result "1-0"]
[Termination "normal"]
[Board "4.4"]
[WhiteElo "946"]
[BlackElo "951"]
[WhiteTeam "SC Erlangen"]
[BlackTeam "SK Doppelbauer Kiel"]
[WhiteFideId "12939099"]
[EventCountry "GER"]
[EventRounds "7"]
[EventType "team-swiss"]
[EventDate "2011.12.26"]

1. e4 e5 2. Nf3 Nc6 3. Nc3 Nf6 4. Bb5 Bb4 5. O-O a6 6. Bxc6 dxc6 7. Nxe5 Qd6 8.
Nf3 Bg4 9. d3 h6 10. h3 Bxf3 11. Qxf3 Qd4 12. Bd2 O-O 13. Qg3 Nh5 14. Qh4 Qe5
15. Qg4 Bd6 16. g3 Kh7 17. Rad1 Bc5 18. Ne2 f5 19. Qxh5 Rf6 20. d4 Bxd4 21.
Nxd4 Qxd4 22. Bc3 Qc4 23. Bxf6 Qe6 24. Bc3 fxe4 25. Rfe1 Rf8 26. Rd4 e3 27.
Rxe3 Qg8 28. b3 Rf7 29. Rg4 Qf8 30. Rf4 g6 31. Qe5 Rxf4 32. gxf4 b5 33. Rd3 h5
34. Rd7+ Kh6 35. Qg5# 1-0

[Event "DVM U12 2011"]
[Site "Arendsee (Altmark) GER"]
[Date "2011.12.29"]
[Round "6"]
[White "Ramien, David"]
[Black "Berezhnoy, Alex"]
[Result "0-1"]
[Termination "normal"]
[Board "5.2"]
[WhiteElo "1450"]
[BlackElo "1472"]
[WhiteTeam "SG Porz"]
[BlackTeam "Verein f.S.u.F. Düsseldorf"]
[WhiteFideId "12948241"]
[BlackFideId "12918997"]
[EventCountry "GER"]
[EventRounds "7"]
[EventType "team-swiss"]
[EventDate "2011.12.26"]

1. e4 e5 2. Nf3 Nf6 3. Nxe5 d6 4. Nf3 Nxe4 5. Nc3 Nxc3 6. dxc3 Be7 7. Be3 O-O
8. Qd2 Nc6 9. O-O-O Be6 10. h3 Ne5 11. Nd4 Qd7 12. b3 Bf6 13. f4 Nc6 14. g4
Bxd4 15. cxd4 Bd5 16. Rg1 Bf3 17. Be2 Bxe2 18. Qxe2 d5 19. f5 Rfe8 20. Qf3 Re4
21. c3 a5 22. h4 Qe7 23. Bd2 Qa3+ 24. Kb1 a4 25. b4 Nxb4 26. Qxe4 Qxa2+ 27. Kc1
dxe4 28. cxb4 Qc4+ 29. Kb2 a3+ 30. Kb1 a2+ 31. Kb2 Qxd4+ 32. Bc3 Qf2+ 33. Kb3
Qxh4 34. Ra1 Qf2 35. Rgd1 h6 36. Rd2 Qf4 37. Raxa2 Rxa2 38. Rxa2 Qxg4 39. Ra7
Qxf5 40. Rxb7 Qd5+ 0-1

[Event "DVM U12 2011"]
[Site "Arendsee (Altmark) GER"]
[Date "2011.12.29"]
[Round "6"]
[White "Schmitz, Fabian"]
[Black "Kagan, Dennis"]
[Result "1-0"]
[Termination "normal"]
[Board "5.3"]
[WhiteElo "1287"]
[BlackElo "1151"]
[WhiteTeam "Verein f.S.u.F. Düsseldorf"]
[BlackTeam "SG Porz"]
[WhiteFideId "12965006"]
[BlackFideId "12983578"]
[EventCountry "GER"]
[EventRounds "7"]
[EventType "team-swiss"]
[EventDate "2011.12.26"]

1. e4 c5 2. Nf3 d6 3. Bb5+ Bd7 4. Bxd7+ Qxd7 5. O-O Nc6 6. d3 g6 7. Re1 Bg7 8.
c3 e6 9. Nbd2 Nge7 10. Nf1 O-O 11. Ng3 Rac8 12. h3 Ne5 13. Nh4 Qb5 14. d4 cxd4
15. cxd4 N5c6 16. Nf3 a6 17. Rb1 Nb4 18. a4 Qc4 19. b3 Qc2 20. Ba3 Qxd1 21.
Rexd1 a5 22. Nd2 Rfd8 23. Nc4 d5 24. Nxa5 Nbc6 25. Bxe7 Nxe7 26. Nxb7 Rd7 27.
Nc5 Rdc7 28. e5 Nc6 29. b4 Kf8 30. Rdc1 Nxd4 31. b5 Rxc5 32. Rxc5 Rxc5 33. f4
Ke8 34. b6 Rc8 35. a5 Nc6 36. a6 Rb8 37. Ne2 Bf8 38. b7 Bc5+ 39. Kf1 d4 40. Rc1
d3 41. Rxc5 d2 42. Nc3 Na7 43. Ke2 Rd8 44. Kd1 Kd7 45. Kxd2 Nc6 46. Nb5 Ke7+
47. Kc3 Kd7 48. a7 Nxa7 49. Rc7+ 1-0

[Event "DVM U12 2011"]
[Site "Arendsee (Altmark) GER"]
[Date "2011.12.29"]
[Round "6"]
[White "Suvorov, Luca"]
[Black "Gula, Julian"]
[Result "1/2-1/2"]
[Termination "normal"]
[Board "5.4"]
[WhiteElo "1098"]
[BlackElo "899"]
[WhiteTeam "SG Porz"]
[BlackTeam "Verein f.S.u.F. Düsseldorf"]
[WhiteFideId "12977071"]
[BlackFideId "12954799"]
[EventCountry "GER"]
[EventRounds "7"]
[EventType "team-swiss"]
[EventDate "2011.12.26"]

1. e4 d6 2. d4 Nf6 3. Nc3 g6 4. Bg5 Bg7 5. Nf3 O-O 6. Bc4 Nbd7 7. O-O c6 8. Qd2
e5 9. dxe5 Nxe5 10. Nxe5 dxe5 11. Rad1 Qe7 12. f4 Qc5+ 13. Kh1 Qxc4 14. fxe5
Nxe4 15. Nxe4 Qxe4 16. Bf6 Bxf6 17. exf6 Bh3 18. Rf3 Bxg2+ 19. Kxg2 Qh4 20. Kh1
Qh5 21. Rg3 Rfe8 22. Rdg1 Rad8 23. Qg2 Re2 24. Qh3 Qxh3 25. Rxh3 Rxc2 26. Rb3
b5 27. Ra3 Rdd2 28. Re1 Rxh2+ 29. Kg1 Rcg2+ 30. Kf1 Rf2+ 31. Kg1 Re2 32. Rxe2
Rxe2 33. Rxa7 Re8 34. Rc7 1/2-1/2

[Event "DVM U12 2011"]
[Site "Arendsee (Altmark) GER"]
[Date "2011.12.29"]
[Round "6"]
[White "Pysmennyy, Illya"]
[Black "Fesenmeier, Lukas"]
[Result "1-0"]
[Termination "normal"]
[Board "6.1"]
[WhiteElo "1368"]
[BlackElo "1462"]
[WhiteTeam "PSC Hannover"]
[BlackTeam "SK Endingen"]
[EventCountry "GER"]
[EventRounds "7"]
[EventType "team-swiss"]
[EventDate "2011.12.26"]

1. e4 e5 2. Nf3 Nc6 3. Nc3 Nf6 4. Bb5 Bc5 5. d3 O-O 6. Bxc6 dxc6 7. Nxe5 Bxf2+
8. Kxf2 Qd4+ 9. Be3 Qxe5 10. h3 Re8 11. Rf1 c5 12. Kg1 Qd6 13. Qf3 b6 14. Nd5
Re6 15. Bf4 Qd8 16. Nxc7 Rb8 17. Nxe6 Bxe6 18. Bxb8 Qxb8 19. Qf4 Qd8 20. Qg3 h6
21. Qf2 Qd6 22. b3 Qe5 23. Rad1 Qg5 24. Qf4 Qg6 25. Rf3 Nh5 26. Qb8+ Kh7 27.
Qxa7 Bxh3 28. Rd2 Qg5 29. Rdf2 Bg4 30. Qxf7 Bxf3 31. Qxf3 Nf6 32. Qf5+ Qxf5 33.
Rxf5 Kg6 34. Kf2 Kf7 35. e5 Ke6 36. exf6 gxf6 37. Rh5 f5 38. Rxh6+ Ke5 39. Rxb6
Kd4 40. Kf3 Kc3 41. Rc6 Kxc2 42. Rxc5+ Kxd3 43. Rxf5 Kc3 44. g4 Kb2 45. b4 Kxa2
46. b5 Kb3 47. b6 Kc3 48. Rd5 Kc4 49. Rd8 Kc5 50. b7 Kc6 51. b8=Q Kc5 52. Qc7+
Kb5 53. Rb8+ Ka6 54. Qb6# 1-0

[Event "DVM U12 2011"]
[Site "Arendsee (Altmark) GER"]
[Date "2011.12.29"]
[Round "6"]
[White "Bleyer, Kalle"]
[Black "Gisy, Gianna"]
[Result "1/2-1/2"]
[Termination "normal"]
[Board "6.2"]
[WhiteElo "1350"]
[BlackElo "1329"]
[WhiteTeam "SK Endingen"]
[BlackTeam "PSC Hannover"]
[WhiteFideId "1270775"]
[EventCountry "GER"]
[EventRounds "7"]
[EventType "team-swiss"]
[EventDate "2011.12.26"]

1. e4 e5 2. Nf3 Nc6 3. d4 exd4 4. Bc4 Nf6 5. Ng5 d5 6. Bxd5 Nxd5 7. Nxf7 Kxf7
8. Qh5+ g6 9. Qxd5+ Qxd5 10. exd5 Nb4 11. Na3 Bd6 12. O-O Nxd5 13. Nb5 c5 14.
Nxd6+ Kg7 15. Re1 Rd8 16. Nxc8 Raxc8 17. Bg5 Re8 18. a3 h6 19. Bd2 Nb6 20. b3
g5 21. f4 Kf6 22. Rf1 Kg6 23. f5+ Kg7 24. Rae1 Kf6 25. g4 Rcd8 26. h4 Rh8 27.
Re6+ Kf7 28. hxg5 hxg5 29. Bxg5 Rdg8 30. Re7+ Kf8 31. Rfe1 Nc8 32. Rc7 Rxg5 33.
Rxc8+ Kg7 34. Re7+ Kf6 35. Re6+ Kg7 36. Rxh8 Rxg4+ 37. Kf2 Kxh8 38. Kf3 Rg1 39.
Ke4 Rc1 40. Re8+ Kg7 41. Re7+ Kf6 42. Rxb7 Rxc2 43. Rxa7 Re2+ 44. Kd3 Re3+ 45.
Kc4 Rc3+ 46. Kd5 d3 47. Ke4 Rxb3 48. Ra6+ Kf7 49. Ke5 d2 50. Rd6 Rxa3 51. Rxd2
Ra7 52. Rc2 Ra5 53. Rc4 Rb5 54. Kf4 Rb4 55. Re4 Rxe4+ 56. Kxe4 Kf6 57. Kf4 c4
58. Ke4 c3 59. Kd3 Kxf5 60. Kc2 Ke4 1/2-1/2

[Event "DVM U12 2011"]
[Site "Arendsee (Altmark) GER"]
[Date "2011.12.29"]
[Round "6"]
[White "Gisy, Gemma"]
[Black "Galli, Elias"]
[Result "0-1"]
[Termination "normal"]
[Board "6.3"]
[WhiteElo "1062"]
[BlackElo "1229"]
[WhiteTeam "PSC Hannover"]
[BlackTeam "SK Endingen"]
[BlackFideId "1270780"]
[EventCountry "GER"]
[EventRounds "7"]
[EventType "team-swiss"]
[EventDate "2011.12.26"]

1. e4 e5 2. Nf3 Nc6 3. Nc3 Nf6 4. Bb5 a6 5. Bxc6 dxc6 6. O-O Bg4 7. d3 Be7 8.
Be3 O-O 9. Qe2 h6 10. Rad1 Nh7 11. h3 Bh5 12. g4 Bg6 13. Nxe5 Qd6 14. f4 Rfe8
15. d4 Nf8 16. Nxg6 Nxg6 17. e5 Qd7 18. f5 Nf8 19. Qg2 Nh7 20. Qg3 Qd8 21. Bf2
Nf8 22. h4 g5 23. hxg5 Bxg5 24. Ne4 Nh7 25. Nxg5 Nxg5 26. c4 Ne4 27. Qg2 Nxf2
28. Rxf2 Rxe5 29. dxe5 Qxd1+ 30. Rf1 Qd4+ 31. Kh1 Qxe5 32. b3 Re8 33. a3 Qe4
34. Qxe4 Rxe4 35. Rg1 Re3 36. Rb1 Rg3 37. a4 Rxg4 38. Rg1 Rxg1+ 39. Kxg1 Kg7
40. Kh2 Kf6 41. Kg3 Kxf5 42. Kh4 Ke4 43. Kg4 f5+ 44. Kh3 Ke3 45. Kg2 h5 46. c5
f4 47. Kf1 h4 48. a5 h3 49. b4 h2 50. Kg2 f3+ 51. Kxh2 f2 52. Kg3 f1=Q 53. Kg4
Qf4+ 54. Kh5 Qg3 55. Kh6 Kf4 56. Kh7 Kf5 57. Kh6 Kf6 58. Kh7 Qg7# 0-1

[Event "DVM U12 2011"]
[Site "Arendsee (Altmark) GER"]
[Date "2011.12.29"]
[Round "6"]
[White "Fesenmeier, Karl"]
[Black "Phunhon Lopez, Daniel Alejandro"]
[Result "0-1"]
[Termination "normal"]
[Board "6.4"]
[WhiteElo "1213"]
[BlackElo "1083"]
[WhiteTeam "SK Endingen"]
[BlackTeam "PSC Hannover"]
[BlackFideId "12952567"]
[EventCountry "GER"]
[EventRounds "7"]
[EventType "team-swiss"]
[EventDate "2011.12.26"]

1. e4 c5 2. Nf3 d6 3. Nc3 Nf6 4. b3 g6 5. Bb2 Bg7 6. Nd5 Nbd7 7. Bb5 e6 8.
Nxf6+ Bxf6 9. e5 dxe5 10. Bxe5 O-O 11. Bxd7 Bxd7 12. O-O Bc6 13. Bxf6 Qxf6 14.
Ne1 Qg5 15. c4 Rad8 16. d3 Rd4 17. g3 Rh4 18. Nf3 Bxf3 19. Qxf3 Rb8 20. Rfe1
Rd4 21. Re3 Qe7 22. Re4 Qd7 23. Rd1 f5 24. Re5 Qd6 25. Rde1 Rxd3 26. Rxe6 Qxe6
27. Rxe6 Rxf3 28. Rd6 Rc3 29. Rd2 b5 30. cxb5 Rxb5 31. Rd8+ Kg7 32. Rd7+ Kh6
33. Rxa7 c4 34. bxc4 Rxc4 35. a4 Rbb4 36. a5 Ra4 37. Ra8 Rc5 38. a6 Rca5 39.
Kg2 Rxa6 40. Rxa6 Rxa6 41. f4 Kh5 42. Kh3 Ra3 43. Kg2 g5 44. fxg5 Kxg5 45. Kh3
Ra2 46. g4 fxg4+ 47. Kg3 h5 48. h4+ gxh3 49. Kxh3 Ra4 50. Kg3 h4+ 51. Kh3 Ra3+
52. Kg2 h3+ 53. Kh2 Kg4 54. Kg1 Ra2 55. Kh1 Kg3 56. Kg1 Ra1# 0-1

[Event "DVM U12 2011"]
[Site "Arendsee (Altmark) GER"]
[Date "2011.12.29"]
[Round "6"]
[White "Kania, Markus"]
[Black "Saive, Philipp"]
[Result "1/2-1/2"]
[Termination "normal"]
[Board "7.1"]
[WhiteElo "1646"]
[BlackElo "1177"]
[WhiteTeam "MTV 1876 Saalfeld"]
[BlackTeam "SC 1997 Lambsheim"]
[WhiteFideId "12903736"]
[BlackFideId "16274792"]
[EventCountry "GER"]
[EventRounds "7"]
[EventType "team-swiss"]
[EventDate "2011.12.26"]

1. c4 Nf6 2. Nc3 g6 3. g3 Bg7 4. Bg2 e5 5. e3 O-O 6. Nge2 Re8 7. O-O Nc6 8. d4
e4 9. a3 Na5 10. b3 d5 11. cxd5 Nxd5 12. Nxe4 Bg4 13. b4 Nc4 14. Qc2 Ncb6 15.
Nc5 Bxe2 16. Qxe2 Bxd4 17. Bb2 Bxc5 18. bxc5 Na4 19. Qc2 Nxb2 20. Qxb2 Rb8 21.
Rfd1 c6 22. e4 Qf6 23. Qxf6 Nxf6 24. f3 Red8 25. Bh3 g5 26. Rab1 Rxd1+ 27. Rxd1
Kf8 28. Bf5 Kg7 29. Kf2 Re8 30. Rb1 Rb8 31. f4 1/2-1/2